Η γάτα στην παγκόσμια λογοτεχνία

Αποθηκεύτηκε σε:
Λεπτομέρειες βιβλιογραφικής εγγραφής
Άλλοι συγγραφείς: Καππάτος, Ρήγας, 1934-
Μορφή: Βιβλίο
Γλώσσα:Greek
English
French
Spanish
Δημοσίευση: Αθήνα : Καστανιώτης, 1995.
Θέματα:
Ετικέτες: Προσθήκη ετικέτας
Δεν υπάρχουν, Καταχωρήστε ετικέτα πρώτοι!

MARC

LEADER 00000cam a2200000 i 4500
001 1/70596
008 050302s1995 gr | ||| |||| ||gre||
020 |a 960031358X 
035 |l 10076275 
040 |a GR-MyUa  |b gre  |e AACR2 
041 1 |a gre  |h eng  |h fre  |h spa 
082 7 |a 808.80362   |2 (21) 
245 0 2 |a Η γάτα στην παγκόσμια λογοτεχνία /   |c πρόλογος, επιλογή, μετάφραση Ρήγας Καππάτος. 
260 |a Αθήνα :   |b Καστανιώτης,   |c 1995. 
300 |a 187 σ. :   |b εικ. ;   |c 21 εκ. 
650 0 |a Cats  |x Literary collections. 
700 1 |a Καππάτος, Ρήγας,   |d 1934- 
852 |a INST  |b SYROS  |e 20050302  |h 808.80362 ΓΑΤ  |p 005500005426  |q 005500005426  |t BK  |y 0 
901 |a BIBL5-2005-1 
922 |a 5ΕΛΗ  |b 200411  |c 188  |d ΠΛΑΣΤΙΓΓΑ 
950 |a 188-2004-11-03 
970 |a Τσουκαλά  |b Αλίκη  |z 31/03/2005